00618nam a2200169Ia 4500008004100000100001500041245010600056245004300162260000900205300002300214440005000237500001100287650003700298650007700335650002200412650001400434170725s9999 xx 000 0 und d aJinghe Han aEnhancement of Higher Degree Candidates’ Research Literacy: A Pilot Study of International Students cJinghe Han, James Schuurmans-Stekhoven c2017 apages 31-41, April aThe Asia-Pacific Education Researcherv26:1-2 aCJ0033 aHIGHER DEGREE RESEARCH EDUCATION aINFORMATION PRACTICE, TEACHER RESEARCH EDUCATION, INFORMATION EVALUATION aRESEARCH LITERACY aWORKSHOPS